000 00471nam a2200193Ia 4500
005 20250423100734.0
008 250422s9999 xx 000 0 und d
020 _a0873892631
050 _aTS 156 .A78/
100 _aArter, Dennis R.
245 0 _aQuality audits for improved performance
250 _a2nd ed.
260 _aMilwaukee
260 _bASQ Quality Press
260 _c1994
300 _a119 p
650 _aQuality control_Auditing.
942 _cBK
999 _c34199
_d34199